000 00586nam a2200193Ia 4500
005 20260114185903.0
008 008 260114s9999 xx 000 0 eng d
020 _a9781509941780
037 _aEBOOK
040 _aCRL
_beng
_cCRL
041 _aeng
_2eng
084 _qCRL
100 _aHallinan, Dara
_9875688
245 0 _aData Protection and Privacy, Volume 13 Data Protection and Artificial Intelligence
260 _bBloomsbury
_c2021
856 _uhttps://www.bloomsburycollections.com/monograph?docid=b-9781509941780
942 _cEBOOK
999 _c1474499
_d1474499